MARC details
| 000 -LEADER |
| fixed length control field |
02670cam a2200481 i 4500 |
| 001 - CONTROL NUMBER |
| control field |
200436075 |
| 003 - CONTROL NUMBER IDENTIFIER |
| control field |
TR-AnTOB |
| 005 - DATE AND TIME OF LATEST TRANSACTION |
| control field |
20260121090347.0 |
| 007 - PHYSICAL DESCRIPTION FIXED FIELD--GENERAL INFORMATION |
| fixed length control field |
ta |
| 008 - FIXED-LENGTH DATA ELEMENTS--GENERAL INFORMATION |
| fixed length control field |
041129t20052015maua b 001 0 eng |
| 010 ## - LIBRARY OF CONGRESS CONTROL NUMBER |
| LC control number |
2004064985 |
| 015 ## - NATIONAL BIBLIOGRAPHY NUMBER |
| National bibliography number |
GBA459220 |
| Source |
bnb |
| 020 ## - INTERNATIONAL STANDARD BOOK NUMBER |
| International Standard Book Number |
0262072572 (alk. paper) |
|
| International Standard Book Number |
9780262072571 (alk. paper) |
|
| International Standard Book Number |
0262572222 (pbk. : alk. paper) |
|
| International Standard Book Number |
9780262572224 (pbk. : alk. paper) |
| 035 ## - SYSTEM CONTROL NUMBER |
| System control number |
(OCoLC)57170246 |
| Canceled/invalid control number |
(OCoLC)60511546 |
|
| System control number |
(TR-AnTOB)200436075 |
| 040 ## - CATALOGING SOURCE |
| Original cataloging agency |
DLC |
| Language of cataloging |
eng |
| Description conventions |
rda |
| Transcribing agency |
DLC |
| Modifying agency |
IXA |
| -- |
MUQ |
| -- |
BAKER |
| -- |
NLGGC |
| -- |
BTCTA |
| -- |
YDXCP |
| -- |
MBB |
| -- |
UKM |
| -- |
IAK |
| -- |
UQ1 |
| -- |
OCLCG |
| -- |
IG# |
| -- |
HEBIS |
| -- |
DEBBG |
| -- |
OCLCQ |
| -- |
OCL |
| -- |
DEBSZ |
| -- |
MTU |
| -- |
TR-AnTOB |
| 041 0# - LANGUAGE CODE |
| Language code of text/sound track or separate title |
İngilizce |
| 042 ## - AUTHENTICATION CODE |
| Authentication code |
pcc |
| 050 00 - LIBRARY OF CONGRESS CALL NUMBER |
| Classification number |
H61 |
| Item number |
.G46 2005 |
| 090 ## - LOCALLY ASSIGNED LC-TYPE CALL NUMBER (OCLC); LOCAL CALL NUMBER (RLIN) |
| Classification number (OCLC) (R) ; Classification number, CALL (RLIN) (NR) |
H61 |
| Local cutter number (OCLC) ; Book number/undivided call number, CALL (RLIN) |
.G46 2005 |
| 092 ## - LOCALLY ASSIGNED DEWEY CALL NUMBER (OCLC) |
| Classification number |
300.722 |
| Item number |
G347c |
| 100 1# - MAIN ENTRY--PERSONAL NAME |
| Personal name |
George, Alexander L. |
| Relator term |
author |
| Authority record control number or standard number |
http://id.loc.gov/authorities/names/n80020504 |
| 9 (RLIN) |
31504 |
| 245 10 - TITLE STATEMENT |
| Title |
Case studies and theory development in the social sciences / |
| Statement of responsibility, etc. |
Alexander L. George and Andrew Bennett. |
| 264 #1 - PRODUCTION, PUBLICATION, DISTRIBUTION, MANUFACTURE, AND COPYRIGHT NOTICE |
| Place of production, publication, distribution, manufacture |
Cambridge, Mass. : |
| Name of producer, publisher, distributor, manufacturer |
MIT Press, |
| Date of production, publication, distribution, manufacture, or copyright notice |
[2005] |
|
| Date of production, publication, distribution, manufacture, or copyright notice |
©2005 |
| 300 ## - PHYSICAL DESCRIPTION |
| Extent |
xv, 331 pages : |
| Other physical details |
illustrations ; |
| Dimensions |
24 cm |
| 336 ## - CONTENT TYPE |
| Content type term |
text |
| Content type code |
txt |
| Source |
rdacontent |
| 337 ## - MEDIA TYPE |
| Media type term |
unmediated |
| Media type code |
n |
| Source |
rdamedia |
| 338 ## - CARRIER TYPE |
| Carrier type term |
volume |
| Carrier type code |
nc |
| Source |
rdacarrier |
| 490 0# - SERIES STATEMENT |
| Series statement |
BCSIA studies in international security |
| 504 ## - BIBLIOGRAPHY, ETC. NOTE |
| Bibliography, etc. note |
|
| 505 0# - FORMATTED CONTENTS NOTE |
| Formatted contents note |
pt. I. Case studies and social science. Case studies and theory development ; Case study methods and research on the interdemocratic peace -- A pedagogical note to Parts II and III -- pt. II. How to do case studies. The method of structured, focused comparison ; Phase one: Designing case study research ; Phase two: Carrying out the case studies ; Phase three: Drawing the implications of case findings for theory -- pt. III. Alternative methods and select issues. Case studies and the philosophy of science ; Comparative methods: controlled comparison and within-case analysis ; The congruence method ; Process-tracing and historical explanation ; Integrating comparative and within-case analysis: typological theory ; Case studies and policy-relevant theory -- Appendix: Studies that illustrate research design. |
| 650 #0 - SUBJECT ADDED ENTRY--TOPICAL TERM |
| Topical term or geographic name entry element |
Social sciences |
| Form subdivision |
Case studies |
| 9 (RLIN) |
125417 |
|
| Topical term or geographic name entry element |
Social sciences |
| General subdivision |
Methodology |
| Authority record control number or standard number |
http://id.loc.gov/authorities/subjects/sh85124011 |
| 9 (RLIN) |
6183 |
| 655 #7 - INDEX TERM--GENRE/FORM |
| Genre/form data or focus term |
Case studies |
| Source of term |
lcgft |
| Authority record control number |
http://id.loc.gov/authorities/genreForms/gf2017026140 |
| 9 (RLIN) |
151426 |
| 700 1# - ADDED ENTRY--PERSONAL NAME |
| Personal name |
Bennett, Andrew, |
| Dates associated with a name |
1960- |
| Relator term |
author |
| Authority record control number or standard number |
http://id.loc.gov/authorities/names/n2007065996 |
| 9 (RLIN) |
125418 |
| 942 ## - ADDED ENTRY ELEMENTS (KOHA) |
| Source of classification or shelving scheme |
Library of Congress Classification |
| Koha item type |
Book |